| 000 | 00710nam a2200193 a 4500 | ||
|---|---|---|---|
| 001 | 000403817 | ||
| 003 | AM-YeHGA | ||
| 005 | 20250618072403.0 | ||
| 008 | 050119s1891 ru r 000 0 arm d | ||
| 040 | _aAM-YeHGA | ||
| 041 | 0 | _aarm | |
| 100 | 1 |
_aԾատուրյան, Ալեքսանդր Հովսեփի, _d1865-1917 _91663 |
|
| 245 | 1 | 0 |
_aԲանաստեղծութիւններ / _cԱլ. Ծատուրեան; Հրատ.՝ Ա. Ժամհարեան. |
| 260 |
_aՄոսկուա : _bտպ. Մկրտիչ Բարխուդարեանի, _c1891. |
||
| 300 |
_a174 էջ ; _c17 սմ. |
||
| 650 | 1 | 4 |
_aՀայ գրականություն _xՊոեզիա |
| 700 | 1 |
_aԺամհարեան, Աթանաս _eհրատ. _4pbl |
|
| 090 | _c154659 | ||
| 999 |
_c153263 _d153263 |
||